Accreditation index 1994 (Record no. 10312)

MARC details
000 -LEADER
fixed length control field 00265nam a2200109Ia 4500
082 ## - DEWEY DECIMAL CLASSIFICATION NUMBER
Classification number RR 070.025 IND
100 ## - MAIN ENTRY--AUTHOR NAME
Personal name India. Press Information Bureau
245 #0 - TITLE STATEMENT
Title Accreditation index 1994
260 ## - PUBLICATION, DISTRIBUTION, ETC. (IMPRINT)
Place of publication New Delhi
Name of publisher the author
Year of publication 1994
300 ## - PHYSICAL DESCRIPTION
Number of Pages 238p.
942 ## - ADDED ENTRY ELEMENTS (KOHA)
Koha item type Books
Source of classification or shelving scheme Dewey Decimal Classification
Holdings
Withdrawn status Lost status Damaged status Not for loan Home library Current library Date acquired Bill Date Full call number Accession Number Price effective from Koha item type
        NASSDOC Library NASSDOC Library 08/10/2004 2004-10-05 RR 070.025 IND 37495 18/04/2019 Books